Central Library || Chittagong University

The Solar system : (Record no. 110330)

MARC details
000 -LEADER
fixed length control field 00592nam a22001697a 4500
003 - CONTROL NUMBER IDENTIFIER
control field BD-ChCU
005 - DATE AND TIME OF LATEST TRANSACTION
control field 20251210114531.0
008 - FIXED-LENGTH DATA ELEMENTS--GENERAL INFORMATION
fixed length control field 251210b bg ||||| |||| 00| 0 ben d
040 ## - CATALOGING SOURCE
Transcribing agency BD-ChCU
082 ## - DEWEY DECIMAL CLASSIFICATION NUMBER
Classification number M 523.2 SOL
100 ## - MAIN ENTRY--PERSONAL NAME
Personal name Sternig, John.
9 (RLIN) 17919
245 ## - TITLE STATEMENT
Title The Solar system :
Remainder of title the solar system consists of the sun, the planets and their moons, their asteriods, comets and other materials under the control of the sun.//
Statement of responsibility, etc. John Sternig.
260 ## - PUBLICATION, DISTRIBUTION, ETC.
Place of publication, distribution, etc. Chicago.
Name of publisher, distributor, etc. Denoyer Geppert.
Date of publication, distribution, etc. 1961
300 ## - PHYSICAL DESCRIPTION
Extent 105x134.3cm.
650 #0 - SUBJECT ADDED ENTRY--TOPICAL TERM
Topical term or geographic name entry element Solar System - Maps.
9 (RLIN) 17921
942 ## - ADDED ENTRY ELEMENTS (KOHA)
Source of classification or shelving scheme Dewey Decimal Classification
Koha item type Books
Suppress in OPAC No
Holdings
Withdrawn status Lost status Source of classification or shelving scheme Damaged status Not for loan Home library Current library Shelving location Date acquired Source of acquisition Total Checkouts Full call number Barcode Date last seen Copy number Price effective from Koha item type
    Dewey Decimal Classification     Chittagong University Library Chittagong University Library Science Reading Room 12/10/2025 Purchase   M 523.2 SOL 10796 12/10/2025 C-1 12/10/2025 Books
© Copyright 2026. Chittagong University Library, Installation and Maintenance by Prof. Dr. Md. Alamgir, 01711306253